| 000 | 00599cam a22002293a 4500 | ||
|---|---|---|---|
| 001 | 13338 | ||
| 003 | PGUSA | ||
| 005 | 20140828083304.0 | ||
| 008 | 040831s2004||||xxu|||||s|||||000 1 eng d | ||
| 040 |
_aPGUSA _beng |
||
| 042 | _adc | ||
| 050 | 4 | _aPH | |
| 100 | 1 |
_aPakkala, Teuvo, _d1862-1925 |
|
| 245 | 1 | 0 |
_aLapsia _h[electronic resource] / _cTeuvo Pakkala |
| 260 |
_bProject Gutenberg, _c2004 |
||
| 506 | _aPublic domain in the USA. | ||
| 516 | _aElectronic text | ||
| 653 | _aFiction | ||
| 830 | 0 |
_aProject Gutenberg _v13338 |
|
| 856 | 4 | 0 | _uhttp://www.gutenberg.org/ebooks/13338 |
| 942 | _cEB | ||
| 999 |
_c242593 _d242593 |
||